<?xml version="1.0" encoding="UTF-8"?>
<record
    xmlns:xsi="http://www.w3.org/2001/XMLSchema-instance"
    xsi:schemaLocation="http://www.loc.gov/MARC21/slim http://www.loc.gov/standards/marcxml/schema/MARC21slim.xsd"
    xmlns="http://www.loc.gov/MARC21/slim">

  <leader>01687    a2200277   4500</leader>
  <controlfield tag="001">127721</controlfield>
  <datafield tag="020" ind1=" " ind2=" ">
    <subfield code="a">9788565771023</subfield>
  </datafield>
  <datafield tag="040" ind1=" " ind2=" ">
    <subfield code="c">Escola Canadense de Niteroi</subfield>
  </datafield>
  <datafield tag="090" ind1=" " ind2=" ">
    <subfield code="a">ASS </subfield>
  </datafield>
  <datafield tag="100" ind1=" " ind2=" ">
    <subfield code="a"> Assis, Machado de</subfield>
  </datafield>
  <datafield tag="245" ind1="1" ind2="0">
    <subfield code="a">O casamento da lua: contos de amor</subfield>
  </datafield>
  <datafield tag="250" ind1=" " ind2=" ">
    <subfield code="a">1. ed.</subfield>
  </datafield>
  <datafield tag="260" ind1=" " ind2=" ">
    <subfield code="a">S&#xE3;o Paulo</subfield>
  </datafield>
  <datafield tag="300" ind1=" " ind2=" ">
    <subfield code="a">127 p.</subfield>
    <subfield code="c">8 x 13.6 x 1 cm</subfield>
  </datafield>
  <datafield tag="362" ind1="0" ind2=" ">
    <subfield code="a">2012</subfield>
  </datafield>
  <datafield tag="520" ind1=" " ind2=" ">
    <subfield code="a">Nesta antologia, h&#xE1; meninas que vivem paix&#xF5;es plat&#xF4;nicas por primos mais velhos; adolescentes que se encontram e se desencontram ao longo da vida movendo-se pelo sentimento que sentem um pelo outro; mulheres que s&#xF3; aceitam se casar &#xE0; beira da morte; meninas inocentes que se apaixonam por vigaristas descompromissados; paix&#xF5;es que evidenciam quest&#xF5;es raciais; meninos que amam p&#xE1;ssaros; um homem que &#xE9; louco pelo nome de uma mulher; uma certa Lua que se apaixona perdidamente pelo planeta Terra e se torna cada vez mais p&#xE1;lida e avoada; amores frustrados pela timidez, entre demais suspiros e taquicardias. Durante a leitura deste livro, abra o cora&#xE7;&#xE3;o e acompanhe as narrativas de estilos variados, escute as vozes de grandes autores.identifique o maior sentimento do mundo nos mais diferentes lugares. o mais universal e onipresente dos sentimentos: acontece em todas as idades, entre pais e filhos, namorados, amigos, entre humanos e animais, e que atire a primeira pedra quem nunca viveu um grande amor. </subfield>
  </datafield>
  <datafield tag="650" ind1=" " ind2="4">
    <subfield code="a">Literatura Infanto Juvenil</subfield>
  </datafield>
  <datafield tag="650" ind1=" " ind2="4">
    <subfield code="a">Hist&#xF3;rias Curtas</subfield>
  </datafield>
  <datafield tag="650" ind1=" " ind2="4">
    <subfield code="a">Relacionamentos</subfield>
  </datafield>
  <datafield tag="650" ind1=" " ind2="4">
    <subfield code="a">Amor</subfield>
  </datafield>
  <datafield tag="650" ind1=" " ind2="4">
    <subfield code="a">Romance</subfield>
  </datafield>
  <datafield tag="650" ind1=" " ind2="4">
    <subfield code="a">Mitos, F&#xE1;bulas ou Contos</subfield>
  </datafield>
  <datafield tag="650" ind1=" " ind2="4">
    <subfield code="a">Literatura Brasileira</subfield>
  </datafield>
  <datafield tag="650" ind1=" " ind2="4">
    <subfield code="a">Colet&#xE2;nea  </subfield>
  </datafield>
  <datafield tag="942" ind1=" " ind2=" ">
    <subfield code="c">BK</subfield>
  </datafield>
  <datafield tag="952" ind1=" " ind2=" ">
    <subfield code="0">0</subfield>
    <subfield code="1">0</subfield>
    <subfield code="4">0</subfield>
    <subfield code="7">0</subfield>
    <subfield code="a">12.10</subfield>
    <subfield code="b">12.10</subfield>
    <subfield code="d">2024-02-09</subfield>
    <subfield code="l">0</subfield>
    <subfield code="o">ASS </subfield>
    <subfield code="p">A07082</subfield>
    <subfield code="r">2024-02-09 21:24:48</subfield>
    <subfield code="w">2024-02-09</subfield>
    <subfield code="y">BK</subfield>
  </datafield>
  <datafield tag="999" ind1=" " ind2=" ">
    <subfield code="c">127721</subfield>
    <subfield code="d">127721</subfield>
  </datafield>
</record>
